000 00980cam a2200277 i 4500
003 SA-RiAUC
005 20241205145814.0
008 241205s1982 ku g b 000 0 ara c
040 _aSA-JeALM
_bara
_cSA-RiAUC
_erda
050 4 _b.A84 1982
082 0 4 _a250.9
_qSA-RiAUC
090 _a250.9
_b ا ش ق
100 1 _aالأشقر، عمر سليمان،
_d1940-2012
_eمؤلف.
245 1 0 _aتاريخ الفقه الإسلامي /
_cعمر سليمان الأشقر.
250 _aالطبعة الأولى.
264 1 _aالكويت :
_bمكتبة الفلاح،
_c1982
300 _a247 صفحة ؛
_c24 سم
336 _aنص
_btxt
_2rdacontent
_3كتاب
337 _aبدون وسيط
_bn
_2rdamedia
338 _aمجلد
_bnc
_2rdacarrier
504 _aببليوجرافية : صفحة 233-239.
590 _aهادي.
650 7 _aالفقه الإسلامي
_xتاريخ
_2aucsh
942 _2ddc
_cBOOK
_n0
949 _aSA-JeALM
_d241205
_uosman123
_n1
999 _c3074
_d3074